5 Twilight Movies - Statistics

General Stats
  • This quiz has been taken 58 times
  • The average score is 5 of 5
Answer Stats
Movie % Correct
New Moon
96%
Twilight
96%
Eclipse
92%
Breaking Dawn Part 1
85%
Breaking Dawn Part 2
85%
No matching quizzes found
Score Distribution
Percent of People with Each Score
Percentile by Number Answered
Your Score History
You have not taken this quiz